Life the great adventures : (Record no. 136003)

MARC details
000 -LEADER
fixed length control field 00663nam a22002177a 4500
005 - DATE AND TIME OF LATEST TRANSACTION
control field 20170124110253.0
010 ## - LIBRARY OF CONGRESS CONTROL NUMBER
LC control number A-410087
020 ## - INTERNATIONAL STANDARD BOOK NUMBER
Terms of availability 00.00
International Standard Book Number 8170963397
035 ## - SYSTEM CONTROL NUMBER
System control number A-410087
037 ## - SOURCE OF ACQUISITION
Source of stock number/acquisition Cen Lib/Ret
040 ## - CATALOGING SOURCE
Original cataloging agency DPL
Language of cataloging EN
082 ## - DEWEY DECIMAL CLASSIFICATION NUMBER
Classification number 128
Item number LIF
245 ## - TITLE STATEMENT
Title Life the great adventures :
Remainder of title a practical guide to the art of living /
260 ## - PUBLICATION, DISTRIBUTION, ETC. (IMPRINT)
Place of publication, distribution, etc New Delhi
Name of publisher, distributor, etc Kalyani Publishers
Date of publication, distribution, etc 1989
270 ## - ADDRESS
City New Delhi
Address 24, Dariyaganj
Postal code 110002
300 ## - PHYSICAL DESCRIPTION
Extent 608p.
Dimensions 19cm(Hb)
500 ## - GENERAL NOTE
General note Includes index
650 ## - SUBJECT ADDED ENTRY--TOPICAL TERM
Topical term or geographic name as entry element Living of art -- Personality development
9 (RLIN) 100026
650 ## - SUBJECT ADDED ENTRY--TOPICAL TERM
Topical term or geographic name as entry element Everyday life
9 (RLIN) 100027
942 ## - ADDED ENTRY ELEMENTS (KOHA)
Source of classification or shelving scheme Dewey Decimal Classification
Koha item type English Books
Classification part 128
Call number suffix LIF
Holdings
Withdrawn status Lost status Damaged status Not for loan Home library Current library Date acquired Source of acquisition Cost, normal purchase price Total Checkouts Full call number Barcode Date last seen Copy number Cost, replacement price Price effective from Koha item type
        Central Library Central Library 12/10/2015 Cen Lib/Ret 0.00   128 LIF A-410087 12/10/2015 1 0.00 12/10/2015 English Books

© Delhi Public Library
Hit Counter
free hit counter